[Event "Trinec op"]
[Site "Trinec"]
[Date "1999.01.03"]
[Round "9"]
[White "Sergienko, Sergey"]
[Black "Pisk, Petr"]
[Result "1/2-1/2"]
[WhiteElo "2405"]
[BlackElo "2315"]
[PlyCount "72"]
[EventDate "1998.??.??"]
[EventType "swiss"]
[EventRounds "9"]
[EventCountry "CZE"]
[Source "Fruth,M"]
[SourceDate "2003.05.15"]

1. d4 d5 2. c4 e6 3. Nc3 c5 4. cxd5 cxd4 5. Qa4+ Bd7 6. Qxd4 exd5 7. Qxd5 Nc6
8. Nf3 Nf6 9. Qd1 Bc5 10. e3 Qe7 11. Be2 O-O-O 12. O-O g5 13. a3 g4 14. Nd4 Kb8
15. b4 Bb6 16. b5 Ne5 17. a4 Rhg8 18. Ba3 Bc5 19. Bxc5 Qxc5 20. Rc1 h5 21. Qb3
Nf3+ 22. Nxf3 Be6 23. Qb2 gxf3 24. Bxf3 Qe5 25. Qb4 Bg4 26. Be4 Rc8 27. f3 Bh3
28. Rf2 Nxe4 29. fxe4 Bxg2 30. Rxg2 Rxg2+ 31. Kxg2 Rg8+ 32. Kf1 Qxh2 33. Ne2
Qh1+ 34. Kf2 Qh4+ 35. Kf1 Qh1+ 36. Kf2 Qh4+ 1/2-1/2

[Event "Wiesbaden op"]
[Site "Wiesbaden"]
[Date "1998.08.27"]
[Round "7"]
[White "Wornath, Kai Rudolf"]
[Black "Euler, Gerd"]
[Result "1/2-1/2"]
[WhiteElo "2340"]
[BlackElo "2385"]
[PlyCount "120"]
[EventDate "1998.??.??"]
[EventType "swiss"]
[EventRounds "9"]
[EventCountry "GER"]
[Source "Fruth,M"]
[SourceDate "2003.05.15"]

1. d4 d5 2. c4 e6 3. Nc3 c5 4. cxd5 cxd4 5. Qa4+ Bd7 6. Qxd4 exd5 7. Qxd5 Nc6
8. Nf3 Nf6 9. Qd1 Bc5 10. e3 Qe7 11. a3 O-O-O 12. b4 Bg4 13. Bd2 Bd4 14. Qc2
Ne4 15. Nxd4 Nxd4 16. exd4 Nxd2+ 17. Be2 Nc4 18. O-O Rxd4 19. Bxg4+ Rxg4 20. h3
Rd4 21. Nb5 Rf4 22. g3 a6 23. gxf4 axb5 24. Qf5+ Qd7 25. Qxd7+ Kxd7 26. Rfd1+
Kc6 27. Rac1 Re8 28. a4 Re4 29. axb5+ Kb6 30. Rd7 Rxf4 31. Re1 Rf6 32. Red1
Rg6+ 33. Kf1 Rf6 34. R1d3 h5 35. Kg2 g6 36. R3d4 Kxb5 37. Rxb7+ Kc6 38. Ra7 Kb6
39. Rad7 Kb5 40. Rc7 Nd6 41. Rc5+ Kb6 42. f4 Nf5 43. Rd8 Nd6 44. Kf3 Nb7 45.
Rb8 Ka7 46. Rcc8 Rf5 47. Ra8+ Kb6 48. h4 Nd6 49. Rc1 Rf6 50. Rb8+ Ka7 51. Rd8
Kb6 52. b5 Nf5 53. Rc6+ Rxc6 54. bxc6 Kc7 55. Rd7+ Kxc6 56. Rxf7 Kd6 57. Ra7
Ke6 58. Ra6+ Kf7 59. Ke4 Nxh4 60. Ke5 Nf3+ 1/2-1/2

[Event "Catalunya-ch TT"]
[Site "ESP"]
[Date "1998.??.??"]
[Round "7"]
[White "Arencibia, Walter"]
[Black "Rodriguez Vargas, Orestes"]
[Result "1-0"]
[WhiteElo "2535"]
[BlackElo "2455"]
[PlyCount "89"]
[EventDate "1998.01.??"]
[EventType "team"]
[EventRounds "9"]
[EventCountry "ESP"]
[Source "Fruth,M"]
[SourceDate "2003.05.15"]

1. d4 d5 2. c4 e6 3. Nc3 c5 4. cxd5 cxd4 5. Qxd4 Nc6 6. Qd1 exd5 7. Qxd5 Bd7 8.
Nf3 Nf6 9. Qd1 Bc5 10. e3 Qe7 11. Be2 g5 12. O-O g4 13. Nd4 Qe5 14. f4 gxf3 15.
Nxf3 Qe7 16. Kh1 O-O-O 17. e4 Bf5 18. Qa4 Nxe4 19. Nxe4 Bxe4 20. Bg5 f6 21.
Bxf6 Qxf6 22. Qxe4 Kb8 23. Bb5 Rhe8 24. Qc2 Bd6 25. Bxc6 Rc8 26. Qd3 bxc6 27.
Rad1 Bc7 28. Qc4 Qh6 29. Rde1 Rcd8 30. Qb4+ Ka8 31. Rxe8 Rxe8 32. Re1 Rd8 33.
Qe7 Kb7 34. g3 Rd5 35. Kg2 Qg6 36. Qe4 Qf7 37. b3 h5 38. Re2 Qf6 39. Qb4+ Rb5
40. Qd4 Qf8 41. Qe4 Qf6 42. Qd3 Qf8 43. Qc4 Rb4 44. Qc3 Rb5 45. Nd4 1-0

[Event "Linares Anibal op 5"]
[Site "Linares"]
[Date "1998.01.24"]
[Round "5"]
[White "Lalic, Bogdan"]
[Black "Russek Libni, Guil"]
[Result "1-0"]
[WhiteElo "2545"]
[BlackElo "2425"]
[PlyCount "55"]
[EventDate "1998.01.20"]
[EventType "swiss"]
[EventRounds "10"]
[EventCountry "ESP"]
[Source "Fruth,M"]
[SourceDate "2003.05.15"]

1. d4 e6 2. c4 d5 3. Nc3 c5 4. cxd5 cxd4 5. Qa4+ Bd7 6. Qxd4 exd5 7. Qxd5 Nc6
8. Nf3 Nf6 9. Qd1 Bc5 10. e3 Qe7 11. Be2 O-O-O 12. O-O Kb8 13. a3 g5 14. b4 Bb6
15. b5 Ne5 16. Nd4 Bc8 17. a4 Qc7 18. Bd2 Nfg4 19. g3 h5 20. a5 Bxa5 21. Na4 b6
22. Bxa5 bxa5 23. Rb1 Rh6 24. Qb3 h4 25. Rfc1 Qb7 26. Nc6+ Ka8 27. Nxd8 hxg3
28. fxg3 1-0

[Event "BRA-ch"]
[Site "Rio de Janeiro"]
[Date "1998.??.??"]
[Round "2"]
[White "Leitao, Rafael"]
[Black "De Souza Haro, Paulo Cezar"]
[Result "1-0"]
[WhiteElo "2515"]
[BlackElo "2315"]
[PlyCount "103"]
[EventDate "1998.02.06"]
[EventType "tourn"]
[EventRounds "11"]
[EventCountry "BRA"]
[EventCategory "5"]
[Source "Fruth,M"]
[SourceDate "2003.05.15"]

1. d4 d5 2. c4 e6 3. Nc3 c5 4. cxd5 cxd4 5. Qa4+ Bd7 6. Qxd4 exd5 7. Qxd5 Nc6
8. Nf3 Nf6 9. Qd1 Bc5 10. e3 Qe7 11. Be2 O-O-O 12. O-O g5 13. b4 g4 14. bxc5
gxf3 15. Bxf3 Ne5 16. e4 Rhg8 17. Nd5 Nxd5 18. exd5 Qf6 19. Be4 Bb5 20. Re1 Bd3
21. Bxd3 Nf3+ 22. Kh1 Rxg2 23. Kxg2 Rg8+ 24. Kh1 Nxe1 25. Be2 Qg6 26. Bg4+ Qxg4
27. Qxg4+ Rxg4 28. Be3 Nc2 29. Rc1 Nxe3 30. fxe3 Re4 31. Rc3 Kc7 32. Kg2 f5 33.
Kf3 Rh4 34. Rc2 Ra4 35. Rg2 h5 36. Rg7+ Kc8 37. Rh7 Rxa2 38. Rxh5 Rc2 39. Kf4
Rxc5 40. Ke5 a5 41. Kd6 b6 42. Rxf5 a4 43. e4 a3 44. e5 a2 45. Rf1 Rc2 46. e6
Rxh2 47. Rc1+ Kb7 48. e7 Re2 49. Kd7 b5 50. Ra1 b4 51. Rxa2 Rxa2 52. e8=Q 1-0

[Event "Neckar op 2"]
[Site "Deizisau"]
[Date "1998.04.08"]
[Round "4"]
[White "Gebhardt, Ulrich"]
[Black "Leito, Priit"]
[Result "0-1"]
[WhiteElo "2225"]
[BlackElo "2355"]
[PlyCount "70"]
[EventDate "1998.04.05"]
[EventType "swiss"]
[EventRounds "9"]
[EventCountry "GER"]
[Source "Fruth,M"]
[SourceDate "2003.05.15"]

1. d4 d5 2. c4 e6 3. Nc3 c5 4. cxd5 cxd4 5. Qa4+ Bd7 6. Qxd4 exd5 7. Qxd5 Nc6
8. Nf3 Nf6 9. Qb3 Be6 10. Qa4 Be7 11. Bg5 Qb6 12. Qb5 Qxb5 13. Nxb5 Rc8 14. a3
h6 15. Bd2 Ne4 16. e3 Bf6 17. Bd3 Nxd2 18. Kxd2 O-O 19. Nfd4 Nxd4 20. Nxd4 Bxd4
21. exd4 Rcd8 22. Rhd1 Rfe8 23. Rac1 Rxd4 24. Rc7 Red8 25. Kc2 Bf5 26. Rc3 h5
27. b4 g6 28. Rd2 Kg7 29. Rd1 Be4 30. g3 Bf5 31. f4 h4 32. Rb3 Kf6 33. Rc3 Be4
34. Rd2 hxg3 35. hxg3 Bxd3+ 0-1

[Event "Centrocoop June op A"]
[Site "Eforie Nord "]
[Date "1998.??.??"]
[Round "?"]
[White "Smokina, Karolina"]
[Black "Jovanovic, Nenad"]
[Result "0-1"]
[WhiteElo "2195"]
[BlackElo "2330"]
[PlyCount "30"]
[EventDate "1998.06.??"]
[EventType "swiss"]
[EventRounds "11"]
[EventCountry "ROM"]
[Source "Fruth,M"]
[SourceDate "2003.05.15"]

1. c4 e6 2. Nc3 d5 3. d4 c5 4. cxd5 cxd4 5. Qxd4 Nc6 6. Qa4 exd5 7. Nf3 d4 8.
Ne4 Bf5 9. Ng3 Bd7 10. Bd2 Qb6 11. Rb1 Rc8 12. Qd1 Nb4 13. Bxb4 Bxb4+ 14. Nd2
Be6 15. Qa4+ Rc6 0-1

[Event "Copenhagen op"]
[Site "Copenhagen"]
[Date "1998.06.26"]
[Round "6"]
[White "Grabliauskas, Virginijus"]
[Black "Hector, Jonny"]
[Result "0-1"]
[WhiteElo "2465"]
[BlackElo "2505"]
[PlyCount "78"]
[EventDate "1998.06.??"]
[EventType "swiss"]
[EventRounds "10"]
[EventCountry "DEN"]
[Source "Fruth,M"]
[SourceDate "2003.05.15"]

1. d4 d5 2. c4 e6 3. Nc3 c5 4. cxd5 cxd4 5. Qxd4 Nc6 6. Qd1 exd5 7. Qxd5 Bd7 8.
Nf3 Nf6 9. Qd1 Bc5 10. e3 Qe7 11. a3 O-O-O 12. Qc2 g5 13. Be2 g4 14. Nh4 Kb8
15. Bd2 Rc8 16. Rd1 Ne5 17. Nf5 Qe6 18. Nd4 Bxd4 19. exd4 Nf3+ 20. Kf1 Qxe2+
21. Kxe2 Nxd4+ 22. Kd3 Bf5+ 23. Kxd4 Bxc2 24. Bf4+ Ka8 25. Rd2 Rhd8+ 26. Ke5
Nd7+ 27. Kd6 Bb3 28. Bg5 Nb6+ 29. Ke7 Rg8 30. Be3 Nc4 31. Rd4 Rg6 32. Bf4 Re6+
33. Kxf7 Nd6+ 34. Rxd6 Rxd6+ 35. Ke7 Re6+ 36. Kd7 Rf8 37. g3 Rf7+ 38. Kd8 Rg6
39. Re1 Be6 0-1

[Event "RUS-Cup06"]
[Site "Nizhnij Novgorod"]
[Date "1998.06.29"]
[Round "1"]
[White "Yakovich, Yuri"]
[Black "Fedoseev, Vladimir"]
[Result "1-0"]
[WhiteElo "2570"]
[BlackElo "2375"]
[PlyCount "80"]
[EventDate "1998.06.29"]
[EventType "swiss"]
[EventRounds "9"]
[EventCountry "RUS"]
[Source "Fruth,M"]
[SourceDate "2003.05.15"]

1. d4 d5 2. c4 e6 3. Nc3 c5 4. cxd5 cxd4 5. Qxd4 Nc6 6. Qd1 exd5 7. Qxd5 Bd7 8.
e3 Nf6 9. Qd1 Bc5 10. Nf3 Qe7 11. Be2 Rd8 12. O-O O-O 13. a3 Bd6 14. Qc2 a6 15.
Bd2 Rde8 16. Rad1 Bb8 17. Bc1 h6 18. Nd5 Nxd5 19. Rxd5 Bc8 20. Qd1 Be6 21. Rd2
Bf5 22. b3 Ne5 23. Bb2 Ng4 24. Bd3 Be6 25. b4 Rd8 26. h3 Nf6 27. Qa1 Nh5 28.
Rfd1 Bb3 29. Bc2 Bxc2 30. Rxc2 Rxd1+ 31. Qxd1 Rd8 32. Rd2 Rxd2 33. Qxd2 Bc7 34.
Qc2 Bd8 35. Qc8 g6 36. Nh2 Kh7 37. Ng4 f6 38. Bd4 Kg7 39. e4 Qc7 40. Qxc7+ Bxc7
1-0

[Event "Montpellier op A"]
[Site "Montpellier"]
[Date "1998.??.??"]
[Round "5"]
[White "Verdier, Patrice"]
[Black "Daurelle, Herve"]
[Result "0-1"]
[WhiteElo "2315"]
[BlackElo "2235"]
[PlyCount "72"]
[EventDate "1998.07.??"]
[EventType "swiss"]
[EventRounds "9"]
[EventCountry "FRA"]
[Source "Fruth,M"]
[SourceDate "2003.05.15"]

1. d4 d5 2. c4 e6 3. Nc3 c5 4. cxd5 cxd4 5. Qa4+ Bd7 6. Qxd4 exd5 7. Qxd5 Nc6
8. Nf3 Nf6 9. Qd1 Bc5 10. e3 Qe7 11. Bc4 O-O-O 12. Qe2 Bg4 13. Bd2 Ne5 14.
O-O-O Kb8 15. Kb1 Rd6 16. e4 Nxc4 17. Qxc4 Rc6 18. Bf4+ Ka8 19. Ne5 Rcc8 20.
Nxg4 Nxg4 21. Nd5 Qe6 22. Bc7 Bxf2 23. Qa4 Nf6 24. Nxf6 gxf6 25. Rc1 Rhg8 26.
g3 Rge8 27. Bf4 a6 28. Rhf1 Bb6 29. Rfe1 f5 30. Rcd1 Rc4 31. Qa3 Rxe4 32. Rf1
Re2 33. h4 Qe4+ 34. Rd3 Qg2 35. Bc1 Rc8 36. Rg1 Bxg1 0-1

[Event "Pardubice Czech op"]
[Site "Pardubice"]
[Date "1998.??.??"]
[Round "8"]
[White "Galianina Ryjanova, Julia"]
[Black "Jirovsky, Milos"]
[Result "1/2-1/2"]
[WhiteElo "2295"]
[BlackElo "2435"]
[PlyCount "20"]
[EventDate "1998.07.??"]
[EventType "swiss"]
[EventRounds "9"]
[EventCountry "CZE"]
[Source "Fruth,M"]
[SourceDate "2003.05.15"]

1. d4 d5 2. c4 e6 3. Nc3 c5 4. cxd5 cxd4 5. Qxd4 Nc6 6. Qd1 exd5 7. Qxd5 Bd7 8.
Nf3 Nf6 9. Qb3 Bc5 10. e3 Qe7 1/2-1/2

[Event "Oberwart op"]
[Site "Oberwart"]
[Date "1998.08.01"]
[Round "8"]
[White "Koutsin, Sergey"]
[Black "Brandner, Stefan"]
[Result "1-0"]
[WhiteElo "2415"]
[BlackElo "2340"]
[PlyCount "51"]
[EventDate "1998.07.25"]
[EventType "swiss"]
[EventRounds "9"]
[EventCountry "AUT"]
[Source "Fruth,M"]
[SourceDate "2003.05.15"]

1. d4 d5 2. c4 e6 3. Nc3 c5 4. cxd5 cxd4 5. Qxd4 Nc6 6. Qd1 exd5 7. Qxd5 Bd7 8.
Nf3 Nf6 9. Qd1 Bc5 10. e3 Qe7 11. Be2 g5 12. O-O g4 13. Nd4 O-O-O 14. b4 Bxb4
15. Ncb5 Kb8 16. Rb1 a6 17. Nxc6+ Bxc6 18. Nd4 Bd5 19. Bd2 Bd6 20. Qa4 Ne4 21.
Bxa6 Bxh2+ 22. Kxh2 Nxd2 23. Bxb7 g3+ 24. Kg1 gxf2+ 25. Rxf2 Nxb1 26. Bxd5 1-0

[Event "BCF-ch"]
[Site "Torquay"]
[Date "1998.08.04"]
[Round "8"]
[White "Williams, Simon"]
[Black "Gormally, Daniel"]
[Result "0-1"]
[WhiteElo "2315"]
[BlackElo "2415"]
[PlyCount "62"]
[EventDate "1998.08.??"]
[EventType "swiss"]
[EventRounds "11"]
[EventCountry "ENG"]
[Source "Fruth,M"]
[SourceDate "2003.05.15"]

1. c4 e6 2. Nc3 d5 3. d4 c5 4. cxd5 cxd4 5. Qa4+ Bd7 6. Qxd4 exd5 7. Qxd5 Nc6
8. Nf3 Nf6 9. Qd1 Bc5 10. e3 Qc7 11. a3 O-O-O 12. Qc2 Kb8 13. Bb5 Ne5 14. Nxe5
Qxe5 15. Bxd7 Rxd7 16. Bd2 Rc8 17. h3 g5 18. O-O-O Bxa3 19. bxa3 Ne4 20. f4 Qe7
21. Kb1 f5 22. Qb2 Nf2 23. e4 fxe4 24. Be3 Nxh1 25. Rxh1 Rd3 26. Bd2 e3 27. Be1
gxf4 28. Rf1 Rd1+ 29. Ka2 e2 30. Rg1 Qe3 31. Nb1 Qe6+ 0-1

[Event "Cardoza US op"]
[Site "Kona"]
[Date "1998.08.05"]
[Round "5"]
[White "Shaked, Tal"]
[Black "Crispin, Thomas A"]
[Result "1-0"]
[WhiteElo "2490"]
[BlackElo "2190"]
[PlyCount "51"]
[EventDate "1998.08.??"]
[EventType "swiss"]
[EventCountry "USA"]
[Source "Fruth,M"]
[SourceDate "2003.05.15"]

1. d4 d5 2. c4 e6 3. Nc3 c5 4. cxd5 cxd4 5. Qa4+ Bd7 6. Qxd4 exd5 7. Qxd5 Nc6
8. Nf3 Nf6 9. Qd1 Bc5 10. e3 Qe7 11. Be2 g5 12. O-O O-O-O 13. a3 g4 14. Nd2
Rhg8 15. Qc2 g3 16. hxg3 Rxg3 17. Nce4 Rxg2+ 18. Kxg2 Nxe4 19. Nxe4 f5 20. Ng3
f4 21. b4 Rg8 22. Qxc5 Qh4 23. Rh1 Qf6 24. exf4 Qxa1 25. b5 Qd4 26. Be3 1-0

[Event "Faro op"]
[Site "Algarve"]
[Date "1998.??.??"]
[Round "4"]
[White "Santos, Antonio P"]
[Black "Vitor, Antonio"]
[Result "0-1"]
[WhiteElo "2290"]
[BlackElo "2290"]
[PlyCount "48"]
[EventDate "1998.08.??"]
[EventType "swiss"]
[EventRounds "9"]
[EventCountry "POR"]
[Source "Fruth,M"]
[SourceDate "2003.05.15"]

1. d4 d5 2. c4 e6 3. Nc3 c5 4. cxd5 cxd4 5. Qa4+ Bd7 6. Qxd4 exd5 7. Qxd5 Nc6
8. Bg5 Nf6 9. Qd2 Bb4 10. Rd1 O-O 11. a3 Ba5 12. Qd6 Be6 13. Qxd8 Rfxd8 14.
Bxf6 gxf6 15. Nf3 Bb3 16. Rxd8+ Rxd8 17. Nd2 Bxc3 18. bxc3 Bc2 19. e3 Ne5 20.
Rg1 Ng4 21. Bc4 Nxf2 22. Rf1 Nd3+ 23. Ke2 Ne5 24. Rxf6 Nxc4 0-1

[Event "Elista olm"]
[Site "Elista"]
[Date "1998.10.12"]
[Round "13"]
[White "Valenzuela Fuentealba, Luis"]
[Black "Sommerbauer, Norbert"]
[Result "1-0"]
[WhiteElo "2405"]
[BlackElo "2400"]
[PlyCount "49"]
[EventDate "1998.09.??"]
[EventType "team"]
[EventRounds "13"]
[EventCountry "RUS"]
[Source "Fruth,M"]
[SourceDate "2003.05.15"]

1. d4 d5 2. c4 e6 3. Nc3 c5 4. cxd5 cxd4 5. Qa4+ Bd7 6. Qxd4 exd5 7. Qxd5 Nc6
8. Nf3 Nf6 9. Qb3 Bc5 10. Bg5 O-O 11. Rd1 Na5 12. Qc2 Ng4 13. e3 f6 14. Bb5 Rf7
15. Qd3 Qb6 16. Bxd7 Rd8 17. Qb5 Qxb5 18. Bxb5 Rxd1+ 19. Nxd1 fxg5 20. a3 a6
21. Be2 Nxf2 22. Nxf2 Bxe3 23. b4 Bxf2+ 24. Kxf2 g4 25. bxa5 1-0

[Event "GER-ch TT BL 2 O 199899"]
[Site "GER"]
[Date "1999.04.18"]
[Round "9.5"]
[White "Gempe, Thomas"]
[Black "Kienast, Joerg"]
[Result "0-1"]
[WhiteElo "2215"]
[BlackElo "2210"]
[PlyCount "68"]
[EventDate "1998.10.??"]
[EventType "team"]
[EventRounds "9"]
[EventCountry "GER"]
[Source "Fruth,M"]
[SourceDate "2003.05.15"]

1. d4 d5 2. c4 e6 3. Nc3 c5 4. cxd5 cxd4 5. Qxd4 Nc6 6. Qd1 exd5 7. Qxd5 Bd7 8.
Nf3 Nf6 9. Qb3 Bc5 10. e3 Qe7 11. Be2 g5 12. O-O g4 13. Nd2 O-O-O 14. a3 h5 15.
Qc2 Kb8 16. b4 Bd6 17. Nc4 Bc7 18. Bb2 h4 19. Nb5 Bxh2+ 20. Kxh2 g3+ 21. Kg1 h3
22. fxg3 Ne4 23. Rf3 Rh5 24. Nd4 Rg8 25. Nxc6+ Bxc6 26. Na5 Rxg3 27. Nxc6+ bxc6
28. Qxc6 Rxf3 29. Bxf3 h2+ 30. Kf1 h1=Q+ 31. Ke2 Qhh4 32. Kd3 Qd6+ 33. Qxd6+
Nxd6 34. g3 Qe4+ 0-1

[Event "Nordre Efteraar TT"]
[Site "Aarhus"]
[Date "1998.10.11"]
[Round "2"]
[White "Williams, Simon"]
[Black "Christensen, Jan"]
[Result "1-0"]
[WhiteElo "2335"]
[BlackElo "2225"]
[PlyCount "59"]
[EventDate "1998.10.??"]
[EventType "schev"]
[EventRounds "9"]
[EventCountry "DEN"]
[Source "Fruth,M"]
[SourceDate "2003.05.15"]

1. c4 e6 2. Nc3 d5 3. d4 c5 4. cxd5 cxd4 5. Qa4+ Bd7 6. Qxd4 exd5 7. Qxd5 Nc6
8. Nf3 Nf6 9. Qd1 Bc5 10. e3 Qe7 11. Be2 O-O-O 12. O-O g5 13. b4 Bxb4 14. Bb2
g4 15. Nd4 Rhg8 16. Ncb5 Kb8 17. Qa4 a6 18. a3 Nxd4 19. Bxd4 Bd6 20. Qa5 Bxb5
21. Bxb5 Rg5 22. Rfb1 axb5 23. Bb6 Kc8 24. Rd1 Bxh2+ 25. Kxh2 Qe5+ 26. Kg1
Rxd1+ 27. Rxd1 Nd5 28. Qa8+ Kd7 29. Qxb7+ Ke6 30. Qc8+ 1-0

[Event "Panormo ZT"]
[Site "Panormo"]
[Date "1998.11.01"]
[Round "9"]
[White "Anastasian, Ashot"]
[Black "Nadanian, Ashot"]
[Result "0-1"]
[WhiteElo "2560"]
[BlackElo "2415"]
[PlyCount "75"]
[EventDate "1998.10.24"]
[EventType "swiss"]
[EventRounds "11"]
[EventCountry "GRE"]
[Source "Fruth,M"]
[SourceDate "2003.05.15"]

1. d4 d5 2. c4 e6 3. Nc3 c5 4. cxd5 cxd4 5. Qa4+ Bd7 6. Qxd4 exd5 7. Nf3 Nc6 8.
Qxd5 Nf6 9. Qb3 Be6 10. Qa4 a6 11. Ne5 Rc8 12. a3 b5 13. Nxc6 Rxc6 14. Qd1 Qc7
15. g3 Rd6 16. Qc2 Qc6 17. e4 Rd7 18. Bg5 Be7 19. Be2 Bh3 20. Rc1 O-O 21. Bf1
Qe6 22. Bxh3 Qxh3 23. f3 Re8 24. Be3 Red8 25. Qe2 Rd3 26. Rd1 Rxd1+ 27. Nxd1
Bd6 28. Qf1 Qe6 29. Kf2 Be5 30. Qe2 Qh3 31. Qf1 Qe6 32. Qe2 Qb3 33. Kg2 Rc8 34.
Nc3 a5 35. Rd1 b4 36. axb4 axb4 37. Nd5 Nxd5 38. exd5 0-1

[Event "Elgoibar IT"]
[Site "Elgoibar"]
[Date "1998.11.22"]
[Round "2"]
[White "Gomez Esteban, Juan Mario"]
[Black "Bellon Lopez, Juan Manuel"]
[Result "1-0"]
[WhiteElo "2475"]
[BlackElo "2490"]
[PlyCount "83"]
[EventDate "1998.11.11"]
[EventType "tourn"]
[EventRounds "9"]
[EventCountry "ESP"]
[EventCategory "10"]
[Source "Fruth,M"]
[SourceDate "2003.05.15"]

1. d4 d5 2. c4 e6 3. Nc3 c5 4. cxd5 cxd4 5. Qxd4 Nc6 6. Qd1 exd5 7. Qxd5 Bd7 8.
Nf3 Nf6 9. Qb3 Bc5 10. e3 Qe7 11. Bd2 O-O-O 12. Bb5 g5 13. Rc1 Kb8 14. Na4 Ne4
15. Nxc5 Nxc5 16. Qa3 b6 17. Bc3 g4 18. Nd2 Ne5 19. Bxe5+ Qxe5 20. Bxd7 Rxd7
21. Nc4 Qe4 22. O-O Nd3 23. Rc3 Rhd8 24. Qa6 Qe6 25. Nxb6 axb6 26. Rb3 Qe7 27.
Rxb6+ Rb7 28. Qb5 Qd7 29. Rxb7+ Qxb7 30. Qf5 Qd7 31. Qxh7 f5 32. Qh6 Nc5 33.
Qb6+ Nb7 34. Qf6 Qd5 35. a4 Rd6 36. Qh8+ Rd8 37. Qc3 Rc8 38. Qb4 Qc5 39. Qf4+
Ka7 40. b4 Qc4 41. Qxf5 Qxb4 42. Qxc8 1-0

[Event "Tanta op"]
[Site "Tanta"]
[Date "1998.11.21"]
[Round "5"]
[White "Himdan, Maher"]
[Black "Arizmendi Martinez, Julen Luis"]
[Result "0-1"]
[WhiteElo "2365"]
[BlackElo "2440"]
[PlyCount "44"]
[EventDate "1998.11.16"]
[EventType "swiss"]
[EventRounds "9"]
[EventCountry "EGY"]
[Source "Fruth,M"]
[SourceDate "2003.05.15"]

1. c4 e6 2. Nc3 d5 3. d4 c5 4. cxd5 cxd4 5. Qxd4 Nc6 6. Qd2 exd5 7. Qxd5 Bd7 8.
Bg5 Nf6 9. Qd2 Qa5 10. Bxf6 gxf6 11. Nd5 Qxd2+ 12. Kxd2 O-O-O 13. Nf4 Bb4+ 14.
Kc1 Bg4 15. Nd3 Rxd3 16. exd3 Re8 17. Be2 Bxe2 18. Nxe2 Rxe2 19. a3 Bd6 20. Rf1
Nd4 21. b4 Bf4+ 22. Kb1 Nb5 0-1

[Event "Oxford GM B IT"]
[Site "Oxford"]
[Date "1998.12.15"]
[Round "2"]
[White "Williams, Simon"]
[Black "Wall, Tim"]
[Result "1/2-1/2"]
[WhiteElo "2335"]
[BlackElo "2370"]
[PlyCount "48"]
[EventDate "1998.12.??"]
[EventType "tourn"]
[EventRounds "9"]
[EventCountry "ENG"]
[EventCategory "7"]
[Source "Fruth,M"]
[SourceDate "2003.05.15"]

1. c4 e6 2. Nc3 d5 3. d4 c5 4. cxd5 cxd4 5. Qa4+ Bd7 6. Qxd4 exd5 7. Qxd5 Nc6
8. Nf3 Nf6 9. Qd1 Bc5 10. e3 Qe7 11. Be2 O-O-O 12. O-O g5 13. b4 Bxb4 14. Bb2
g4 15. Nd4 Kb8 16. a3 Bc5 17. Re1 Rhg8 18. Rb1 h5 19. Ba1 Nxd4 20. exd4 Bc6 21.
Bd3 Qd7 22. dxc5 Qxd3 23. Qxd3 Rxd3 24. Nb5 Re8 1/2-1/2

[Event "Avoine op"]
[Site "Avoine"]
[Date "1999.??.??"]
[Round "3"]
[White "Oei, Hway Ik"]
[Black "Apicella, Manuel"]
[Result "1/2-1/2"]
[WhiteElo "2242"]
[BlackElo "2515"]
[PlyCount "67"]
[EventDate "1999.??.??"]
[EventType "swiss"]
[EventRounds "9"]
[EventCountry "FRA"]
[Source "Fruth,M"]
[SourceDate "2003.05.15"]

1. d4 d5 2. c4 e6 3. Nc3 c5 4. cxd5 cxd4 5. Qxd4 Nc6 6. Qd1 exd5 7. Qxd5 Be6 8.
Qxd8+ Rxd8 9. Bd2 Nb4 10. Rc1 Nxa2 11. Nxa2 Bxa2 12. e4 a6 13. Ba5 Rb8 14. Ne2
Nf6 15. f3 Be7 16. Nd4 O-O 17. Nf5 Bd8 18. Bb4 Re8 19. Bd6 Ra8 20. Bd3 g6 21.
Ne3 Bb6 22. Ke2 Nh5 23. Bc4 Bxc4+ 24. Rxc4 Rad8 25. Rd1 Re6 26. Bg3 Rxd1 27.
Nxd1 Nxg3+ 28. hxg3 Rd6 29. Nc3 Bd4 30. Nd5 Bxb2 31. Rb4 Ba1 32. Rxb7 h5 33.
Ra7 Kg7 34. Nc7 1/2-1/2

[Event "CZE-ch TT 9900"]
[Site "CZE"]
[Date "2000.??.??"]
[Round "8"]
[White "Netusil, Miroslav"]
[Black "Bazant, Petr Jr"]
[Result "1-0"]
[WhiteElo "2250"]
[BlackElo "2230"]
[PlyCount "101"]
[EventDate "1999.??.??"]
[EventType "team"]
[EventRounds "11"]
[EventCountry "CZE"]
[Source "Fruth,M"]
[SourceDate "2003.05.15"]

1. d4 d5 2. c4 e6 3. Nc3 c5 4. cxd5 cxd4 5. Qxd4 Nc6 6. Qd1 exd5 7. Qxd5 Bd7 8.
Nf3 Nf6 9. Qd1 Bc5 10. e3 Qe7 11. Be2 O-O-O 12. O-O g5 13. b4 Bxb4 14. Bb2 Rhg8
15. Nd5 Nxd5 16. Qxd5 g4 17. Nd4 Rg5 18. Qe4 Kb8 19. Nxc6+ Bxc6 20. Qf4+ Bd6
21. Bf6 Bxf4 22. Bxe7 Re8 23. Bxg5 Bxg5 24. Bxg4 Bf6 25. Rac1 Rg8 26. Bh3 a5
27. Rfd1 a4 28. g3 Bb2 29. Rb1 a3 30. Bg2 Ba4 31. Rd2 Rc8 32. Be4 Rc4 33. Bxh7
Bc6 34. Bc2 Rc5 35. Bb3 Be4 36. Rbd1 f5 37. Bd5 Bc2 38. Rxc2 Rxc2 39. Bb3 Rc6
40. Kg2 Bg7 41. Rd7 Bf6 42. h4 Rb6 43. Bf7 Rb2 44. Rd5 b5 45. Rxf5 Bc3 46. h5
b4 47. h6 Kc7 48. h7 Kd6 49. Rb5 Ke7 50. Rb7+ Kd6 51. Rb8 1-0

[Event "Cannes op"]
[Site "Cannes"]
[Date "1999.??.??"]
[Round "3"]
[White "Housieaux, David"]
[Black "Rainfray, Arnaud"]
[Result "0-1"]
[WhiteElo "2200"]
[BlackElo "2322"]
[PlyCount "156"]
[EventDate "1999.??.??"]
[EventType "swiss"]
[EventRounds "9"]
[EventCountry "FRA"]
[Source "Fruth,M"]
[SourceDate "2003.05.15"]

1. d4 d5 2. c4 e6 3. Nc3 c5 4. cxd5 cxd4 5. Qxd4 Nc6 6. Qd1 exd5 7. e4 d4 8.
Nd5 Be6 9. Nf4 Nf6 10. Bd3 Bd7 11. Nf3 Bd6 12. O-O O-O 13. Nd5 h6 14. b3 Bg4
15. h3 Bxf3 16. Qxf3 Nxd5 17. exd5 Ne5 18. Qd1 Nxd3 19. Qxd3 Be5 20. Qf5 Re8
21. f4 Bf6 22. Bb2 Re2 23. Rab1 Qa5 24. Qd3 Rae8 25. d6 Rd2 26. Qf3 Ree2 27.
Bc1 Rc2 28. a4 Qa6 29. Ba3 Qc6 30. Qxc6 bxc6 31. Rf3 Rxg2+ 32. Kh1 Rh2+ 33. Kg1
Rcg2+ 34. Kf1 Ra2 35. Kg1 Rhc2 36. Bb4 Bd8 37. Be1 Bb6 38. Rd3 Rg2+ 39. Kf1 Rg6
40. a5 Bxa5 41. Bxa5 Rxa5 42. Rxd4 Rd5 43. Rxd5 cxd5 44. Ra1 Rxd6 45. Rxa7 Rf6
46. Ra4 g5 47. Ke2 Rxf4 48. Ke3 Rf1 49. Kd4 Rf3 50. b4 Rxh3 51. Kxd5 Rb3 52.
Kc5 Kg7 53. b5 Kf6 54. Rb4 Rxb4 55. Kxb4 g4 56. b6 g3 57. b7 g2 58. b8=Q g1=Q
59. Qf4+ Kg7 60. Kb3 Qb6+ 61. Ka3 Qg6 62. Qe5+ Kh7 63. Qf4 h5 64. Kb3 f6 65.
Ka3 Qg5 66. Qc7+ Kh6 67. Qd8 Qf4 68. Qg8 h4 69. Kb2 Kh5 70. Qg2 Qe5+ 71. Ka2
Qe6+ 72. Ka1 Qg4 73. Qf2 f5 74. Qe3 Qe4 75. Qh3 f4 76. Qd7 f3 77. Qf7+ Kg4 78.
Kb2 Kh3 0-1

[Event "FASGBA Superior"]
[Site "ARG"]
[Date "1999.??.??"]
[Round "9"]
[White "Peralta, Fernando"]
[Black "Airando, Martin"]
[Result "1-0"]
[WhiteElo "2430"]
[BlackElo "2260"]
[PlyCount "36"]
[EventDate "1999.??.??"]
[EventType "tourn"]
[EventRounds "9"]
[EventCountry "ARG"]
[Source "Fruth,M"]
[SourceDate "2003.05.15"]

1. d4 d5 2. c4 e6 3. Nc3 c5 4. cxd5 cxd4 5. Qxd4 Nc6 6. Qd1 exd5 7. Qxd5 Bd7 8.
Nf3 Nf6 9. Qb3 Be6 10. Qa4 Bc5 11. e3 Qe7 12. Ne5 O-O 13. Nxc6 bxc6 14. Be2
Rab8 15. O-O Rb4 16. Qc2 Rh4 17. e4 Qd6 18. g3 Bh3 1-0